Hmare samskar suthr (Record no. 17779)
[ view plain ]
| 000 -LEADER | |
|---|---|
| fixed length control field | 00272nam a2200121 4500 |
| 003 - CONTROL NUMBER IDENTIFIER | |
| control field | OSt |
| 008 - FIXED-LENGTH DATA ELEMENTS--GENERAL INFORMATION | |
| fixed length control field | 231108b |||||||| |||| 00| 0 eng d |
| 041 ## - LANGUAGE CODE | |
| Language code of text/sound track or separate title | hin |
| 082 ## - DEWEY DECIMAL CLASSIFICATION NUMBER | |
| Classification number | 891.54 |
| Item number | LAK/HA |
| 100 ## - MAIN ENTRY--AUTHOR NAME | |
| Personal name | Sasthri, Lakshmiram |
| 245 ## - TITLE STATEMENT | |
| Title | Hmare samskar suthr |
| 942 ## - ADDED ENTRY ELEMENTS (KOHA) | |
| Koha item type | Books |
| Withdrawn status | Lost status | Damaged status | Home library | Current library | Date acquired | Full call number | Accession Number | Koha item type |
|---|---|---|---|---|---|---|---|---|
| Withdrawn | KAUAET | Sanskrit University | 08/11/2023 | 891.54 LAK/HA | 9699 | Books |
